<?xml version="1.0" encoding="UTF-8"?>
<record
    xmlns:xsi="http://www.w3.org/2001/XMLSchema-instance"
    xsi:schemaLocation="http://www.loc.gov/MARC21/slim http://www.loc.gov/standards/marcxml/schema/MARC21slim.xsd"
    xmlns="http://www.loc.gov/MARC21/slim">

  <leader>00703nam a22002057a 4500</leader>
  <controlfield tag="005">20250325050742.0</controlfield>
  <controlfield tag="008">250325b        |||||||| |||| 00| 0 eng d</controlfield>
  <datafield tag="020" ind1=" " ind2=" ">
    <subfield code="a">9798868804786</subfield>
  </datafield>
  <datafield tag="040" ind1=" " ind2=" ">
    <subfield code="c">AIMIT LIBRARY</subfield>
  </datafield>
  <datafield tag="082" ind1=" " ind2=" ">
    <subfield code="2">2</subfield>
    <subfield code="a">658.81</subfield>
    <subfield code="b">YUJO</subfield>
  </datafield>
  <datafield tag="100" ind1=" " ind2=" ">
    <subfield code="a">Yu, Johan.</subfield>
    <subfield code="9">206809</subfield>
  </datafield>
  <datafield tag="245" ind1=" " ind2=" ">
    <subfield code="a">Getting started with salesforce CRM analytics :</subfield>
    <subfield code="b">a beginners guide to building interactive and complex dashboards /</subfield>
    <subfield code="c">By Johan Yu.</subfield>
  </datafield>
  <datafield tag="250" ind1=" " ind2=" ">
    <subfield code="a">2nd ed.</subfield>
  </datafield>
  <datafield tag="260" ind1=" " ind2=" ">
    <subfield code="a">New York :</subfield>
    <subfield code="b">Apress ;</subfield>
    <subfield code="c">2025.</subfield>
  </datafield>
  <datafield tag="300" ind1=" " ind2=" ">
    <subfield code="a">xviii,205p. ;</subfield>
    <subfield code="b">PB</subfield>
    <subfield code="c">25 cm.</subfield>
  </datafield>
  <datafield tag="650" ind1=" " ind2=" ">
    <subfield code="a">Exploring dashboard</subfield>
    <subfield code="9">206810</subfield>
  </datafield>
  <datafield tag="650" ind1=" " ind2=" ">
    <subfield code="a">Applying security</subfield>
    <subfield code="9">206811</subfield>
  </datafield>
  <datafield tag="650" ind1=" " ind2=" ">
    <subfield code="a">Binding and custom query</subfield>
    <subfield code="9">206812</subfield>
  </datafield>
  <datafield tag="942" ind1=" " ind2=" ">
    <subfield code="2">ddc</subfield>
    <subfield code="c">BK</subfield>
    <subfield code="e">2nd ed.</subfield>
    <subfield code="k">658.81 YUJO</subfield>
  </datafield>
  <datafield tag="999" ind1=" " ind2=" ">
    <subfield code="c">233991</subfield>
    <subfield code="d">233991</subfield>
  </datafield>
  <datafield tag="952" ind1=" " ind2=" ">
    <subfield code="0">0</subfield>
    <subfield code="1">0</subfield>
    <subfield code="2">ddc</subfield>
    <subfield code="4">0</subfield>
    <subfield code="7">0</subfield>
    <subfield code="8">MCA</subfield>
    <subfield code="a">AIMIT</subfield>
    <subfield code="b">AIMIT</subfield>
    <subfield code="d">2025-03-11</subfield>
    <subfield code="e">Biblios Book Point</subfield>
    <subfield code="g">899.00</subfield>
    <subfield code="i">Bill.no:7043; Bill.dt:2025/02/27</subfield>
    <subfield code="l">0</subfield>
    <subfield code="o">658.81 YUJO</subfield>
    <subfield code="p">MCA17317</subfield>
    <subfield code="r">2025-07-21 00:00:00</subfield>
    <subfield code="v">719.20</subfield>
    <subfield code="w">2025-03-25</subfield>
    <subfield code="y">BK</subfield>
  </datafield>
</record>
